|
|
|
|
| LEADER |
00000nam0a2200000 4500 |
| 001 |
154550 |
| 005 |
20231101221756.0 |
| 010 |
|
|
|a 9780878494774
|
| 035 |
|
|
|a (RuTPU)RU\TPU\book\167643
|
| 090 |
|
|
|a 154550
|
| 100 |
|
|
|a 20090302d2008 k y0engy50 ba
|
| 101 |
0 |
|
|a eng
|
| 102 |
|
|
|a CH
|
| 105 |
|
|
|a a z 001zy
|
| 200 |
1 |
|
|a Lithium Iron Phosphate: A Promising Cathode-Active Material for Lithium Secondary Batteries
|f G. Cheruvally
|
| 210 |
|
|
|a Stafa-Zuerich
|c Trans Tech Publications LTD
|d 2008
|
| 215 |
|
|
|a 126 p.
|c il.
|
| 320 |
|
|
|a References: p. 114-126.
|
| 606 |
1 |
|
|a Литий соединения
|2 stltpush
|3 (RuTPU)RU\TPU\subj\32731
|9 55187
|
| 610 |
1 |
|
|a химия
|
| 610 |
1 |
|
|a щелочные металлы
|
| 610 |
1 |
|
|a литиевые соединения
|
| 610 |
1 |
|
|a характеристика
|
| 610 |
1 |
|
|a синтез
|
| 610 |
1 |
|
|a литиевый железный фосфат
|
| 610 |
1 |
|
|a перспективные материалы
|
| 610 |
1 |
|
|a применение
|
| 610 |
1 |
|
|a английский язык
|
| 675 |
|
|
|a 661.83
|v 3
|
| 700 |
|
1 |
|a Cheruvally
|b G.
|g Gouri
|
| 801 |
|
1 |
|a RU
|b 63413507
|c 20090302
|g PSBO
|
| 801 |
|
2 |
|a RU
|b 63413507
|c 20090313
|g PSBO
|
| 942 |
|
|
|c BK
|